000
00312pab a2200145 454500
008
180718b xxu||||| |||| 00| 0 eng d
100
_a
Dutta, P.K.
245
_a
Corruption in police
300
_a
p.59-65.
650
_a
Police
650
_a
Corruption
773
_a
CBI Bulletin
908
_a
N
909
_a
85022
999
_c
85022
_d
85022